| 000 | 00327nam a2200097Ia 4500 | ||
|---|---|---|---|
| 008 | 220120s9999||||xx |||||||||||||| ||und|| | ||
| 100 |
_aArchana S and others _912620 |
||
| 245 | 0 | _aPerformance gap of manets routing protocol and criteria to u | |
| 260 |
_aCoorg Institute of Technology _bPonnampet _c2016 |
||
| 650 | _aCOMPUTER SCIENCE | ||
| 999 |
_c138218 _d138218 |
||